Juice Wrld feature songs - Statistics

General Stats
  • This quiz has been taken 124 times
  • The average score is 5 of 11
Answer Stats
Hint Answer % Correct
ellie Hate me
71%
trippie 1400/999 Freestyle
64%
tecca Ransom
64%
benny Graduation
58%
slump Nuke town
58%
yachty Yacht club
57%
halsey Without me
56%
kodak Moshpit
50%
internet Blast off
47%
lil durk Don't talk to me
8%
a boogie Demos and Angels
2%
No matching quizzes found
Score Distribution
Percent of People with Each Score
Percentile by Number Answered
Your Score History
You have not taken this quiz